000 00811nam a2200229 a 4500
999 _c331952
_d331952
003 BLK
005 20241129113315.0
008 190703b bu ||||| |||| 00| 0 bu d
020 _a978-954-361-289-5
040 _aBLK
041 _aBUL
_cBUL
080 _aБългарска литература
_b821.163.2
_x-93-1
_z821.163.2-93-1
100 _91426
_aЖекова, Ангелина Иванова
_eстихове
139 _aЖекова, Ангелина
_bЖ 32
245 _aВесела Коледа
_cАнгелина Жекова
260 _9214073
_aСофия
_bПосоки
_c2013
300 _a12 с.
_bс цв. ил.
_c16 см
380 _aDX
490 _9207641
_aПоредица Книжка с дръжка
_v310
942 _2udc
_cKNG
_n0
_07
944 _k30543
_lИва Цветкова